[Event "DVM U10 2023"]
[Site "Magdeburg GER"]
[Date "2023.12.28"]
[Round "3"]
[White "Börner, Martha"]
[Black "Tu, Tiffany"]
[Result "0-1"]
[Termination "normal"]
[Board "20.1"]
[WhiteElo "1146"]
[BlackElo "1169"]
[WhiteClock "00:33:26"]
[BlackClock "00:27:46"]
[WhiteTeam "SV Eintracht Tangerhütte"]
[BlackTeam "SF 59 Kornwestheim"]
[PlyCount "68"]
[WhiteFideId "34665382"]
[BlackFideId "34628576"]
[EventCountry "GER"]
[EventRounds "7"]
[EventType "team-swiss"]
[EventDate "2023.12.27"]

1. e4 {[%clk 00:55:07]} {[%emt 00:00:01]} e5 {[%clk 00:55:10]} 2. Nf3 {[%clk
00:55:01]} {[%emt 00:00:12]} Nc6 {[%clk 00:55:08]} {[%emt 00:00:07]} 3. Bb5
{[%clk 00:54:58]} {[%emt 00:00:08]} a6 {[%clk 00:55:07]} {[%emt 00:00:05]} 4.
Bxc6 {[%clk 00:54:56]} {[%emt 00:00:06]} dxc6 {[%clk 00:55:04]} {[%emt
00:00:09]} 5. O-O {[%clk 00:54:49]} {[%emt 00:00:12]} Bd6 {[%clk 00:54:33]}
{[%emt 00:00:36]} 6. d4 {[%clk 00:54:24]} {[%emt 00:00:31]} Bg4 {[%clk
00:51:39]} {[%emt 00:02:58]} 7. h3 {[%clk 00:53:47]} {[%emt 00:00:44]} Bxf3
{[%clk 00:50:03]} {[%emt 00:01:40]} 8. Qxf3 {[%clk 00:53:20]} {[%emt 00:00:31]}
Qf6 {[%clk 00:45:18]} {[%emt 00:04:51]} 9. Qxf6 {[%clk 00:52:12]} {[%emt
00:01:12]} Nxf6 {[%clk 00:45:12]} {[%emt 00:00:12]} 10. dxe5 {[%clk 00:51:58]}
{[%emt 00:00:19]} Bxe5 {[%clk 00:44:52]} {[%emt 00:00:24]} 11. Nc3 {[%clk
00:51:40]} {[%emt 00:00:23]} O-O-O {[%clk 00:44:23]} {[%emt 00:00:34]} 12. Bg5
{[%clk 00:51:32]} {[%emt 00:00:14]} h6 {[%clk 00:43:54]} {[%emt 00:00:34]} 13.
Bxf6 {[%clk 00:51:09]} {[%emt 00:00:28]} Bxf6 {[%clk 00:43:47]} {[%emt
00:00:12]} 14. Rfd1 {[%clk 00:50:59]} {[%emt 00:00:14]} Rhe8 {[%clk 00:43:16]}
{[%emt 00:00:37]} 15. Rxd8+ {[%clk 00:49:45]} {[%emt 00:01:19]} Rxd8 {[%clk
00:43:06]} {[%emt 00:00:15]} 16. Rd1 {[%clk 00:49:08]} {[%emt 00:00:42]} Re8
{[%clk 00:40:58]} {[%emt 00:02:13]} 17. f3 {[%clk 00:46:34]} {[%emt 00:02:39]}
b5 {[%clk 00:40:37]} {[%emt 00:00:27]} 18. Rb1 {[%clk 00:45:38]} {[%emt
00:01:00]} Rd8 {[%clk 00:40:03]} {[%emt 00:00:39]} 19. a4 {[%clk 00:44:47]}
{[%emt 00:00:56]} b4 {[%clk 00:38:42]} {[%emt 00:01:26]} 20. Ne2 {[%clk
00:44:15]} {[%emt 00:00:35]} Rd2 {[%clk 00:37:38]} {[%emt 00:01:11]} 21. Nf4
{[%clk 00:41:44]} {[%emt 00:02:35]} Rxc2 {[%clk 00:36:40]} {[%emt 00:01:04]}
22. b3 {[%clk 00:41:24]} {[%emt 00:00:24]} a5 {[%clk 00:35:43]} {[%emt
00:01:04]} 23. Nh5 {[%clk 00:40:41]} {[%emt 00:00:47]} Be5 {[%clk 00:34:59]}
{[%emt 00:00:49]} 24. f4 {[%clk 00:39:59]} {[%emt 00:00:48]} Bd4+ {[%clk
00:34:35]} {[%emt 00:00:29]} 25. Kh1 {[%clk 00:39:44]} {[%emt 00:00:18]} g6
{[%clk 00:34:23]} {[%emt 00:00:19]} 26. Ng3 {[%emt 00:01:13]} Rf2 {[%emt
00:02:00]} 27. Rd1 {[%clk 00:38:44]} Bc3 {[%clk 00:31:44]} {[%emt 00:00:42]}
28. f5 {[%clk 00:38:06]} {[%emt 00:00:45]} Be5 {[%clk 00:31:21]} {[%emt
00:00:28]} 29. Kh2 {[%clk 00:37:09]} {[%emt 00:01:02]} h5 {[%clk 00:30:21]}
{[%emt 00:01:04]} 30. h4 {[%clk 00:36:32]} {[%emt 00:00:42]} Re2 {[%clk
00:28:15]} {[%emt 00:02:09]} 31. Kh3 {[%clk 00:36:17]} {[%emt 00:00:22]} Re3
{[%clk 00:28:00]} {[%emt 00:00:20]} 32. Kh2 {[%clk 00:34:46]} {[%emt 00:01:35]}
Bxg3+ {[%clk 00:27:51]} {[%emt 00:00:14]} 33. Kh1 {[%clk 00:34:43]} {[%emt
00:00:08]} Rxe4 {[%clk 00:27:46]} {[%emt 00:00:11]} 34. Rg1 {[%clk 00:33:26]}
{[%emt 00:00:56]} Rxh4# {[%emt 00:00:36]} 0-1

[Event "DVM U10 2023"]
[Site "Magdeburg GER"]
[Date "2023.12.28"]
[Round "4"]
[White "Shen, Tingrui"]
[Black "Lola, Georgia-Maria"]
[Result "1-0"]
[Termination "normal"]
[Board "1.1"]
[WhiteElo "1884"]
[BlackElo "1243"]
[WhiteClock "00:45:08"]
[BlackClock "00:31:45"]
[WhiteTeam "TV Tegernsee"]
[BlackTeam "MSA Zugzwang 82"]
[PlyCount "39"]
[WhiteFideId "34603441"]
[BlackFideId "34629335"]
[EventCountry "GER"]
[EventRounds "7"]
[EventType "team-swiss"]
[EventDate "2023.12.27"]

1. Nf3 {[%clk 00:55:02]} {[%emt 00:00:08]} d5 {[%clk 00:55:03]} {[%emt
00:00:07]} 2. g3 {[%clk 00:54:54]} {[%emt 00:00:13]} c5 {[%clk 00:54:51]}
{[%emt 00:00:17]} 3. Bg2 {[%clk 00:54:52]} {[%emt 00:00:08]} Nc6 {[%clk
00:54:13]} {[%emt 00:00:43]} 4. d4 {[%clk 00:54:49]} {[%emt 00:00:07]} e6
{[%clk 00:53:44]} {[%emt 00:00:35]} 5. O-O {[%clk 00:54:45]} {[%emt 00:00:09]}
Nf6 {[%clk 00:52:01]} {[%emt 00:01:48]} 6. a3 {[%clk 00:54:38]} {[%emt
00:00:12]} a5 {[%clk 00:51:34]} {[%emt 00:00:32]} 7. dxc5 {[%clk 00:54:23]}
{[%emt 00:00:20]} Bxc5 {[%clk 00:51:22]} {[%emt 00:00:17]} 8. c4 {[%clk
00:54:11]} {[%emt 00:00:16]} O-O {[%clk 00:50:12]} {[%emt 00:01:15]} 9. Qc2
{[%clk 00:53:58]} {[%emt 00:00:18]} b6 {[%clk 00:49:06]} {[%emt 00:01:12]} 10.
Rd1 {[%clk 00:52:29]} {[%emt 00:01:33]} Re8 {[%clk 00:44:25]} {[%emt 00:04:47]}
11. Bg5 {[%clk 00:51:33]} {[%emt 00:01:01]} h6 {[%clk 00:43:42]} {[%emt
00:00:48]} 12. Bxf6 {[%clk 00:51:00]} {[%emt 00:00:38]} Qxf6 {[%clk 00:43:29]}
{[%emt 00:00:18]} 13. Nc3 {[%clk 00:49:45]} {[%emt 00:01:20]} Rd8 {[%clk
00:41:18]} {[%emt 00:02:14]} 14. cxd5 {[%clk 00:49:04]} {[%emt 00:00:47]} exd5
{[%clk 00:41:01]} {[%emt 00:00:22]} 15. Nxd5 {[%clk 00:48:59]} {[%emt
00:00:11]} Qf5 {[%clk 00:39:37]} {[%emt 00:01:29]} 16. e4 {[%clk 00:46:46]}
{[%emt 00:02:18]} Qh7 {[%clk 00:35:36]} {[%emt 00:04:05]} 17. Nxb6 {[%clk
00:45:34]} {[%emt 00:01:17]} Bxb6 {[%clk 00:34:46]} {[%emt 00:00:55]} 18. Qxc6
{[%clk 00:45:19]} {[%emt 00:00:21]} Rxd1+ {[%clk 00:34:05]} {[%emt 00:00:45]}
19. Rxd1 {[%clk 00:45:11]} {[%emt 00:00:13]} Rb8 {[%clk 00:31:45]} {[%emt
00:02:26]} 20. Qe8# {[%clk 00:45:08]} {[%emt 00:00:08]} 1-0

[Event "DVM U10 2023"]
[Site "Magdeburg GER"]
[Date "2023.12.28"]
[Round "4"]
[White "Wittenberger, Henri"]
[Black "Lange, Fynn Jeremy"]
[Result "0-1"]
[Termination "normal"]
[Board "1.2"]
[WhiteElo "1066"]
[BlackElo "1603"]
[WhiteClock "00:17:08"]
[BlackClock "00:39:29"]
[WhiteTeam "MSA Zugzwang 82"]
[BlackTeam "TV Tegernsee"]
[PlyCount "66"]
[WhiteFideId "34691510"]
[BlackFideId "34616365"]
[EventCountry "GER"]
[EventRounds "7"]
[EventType "team-swiss"]
[EventDate "2023.12.27"]

1. e4 {[%clk 00:55:09]} e5 {[%clk 00:54:49]} {[%emt 00:00:21]} 2. Nf3 {[%clk
00:55:02]} {[%emt 00:00:13]} Nf6 {[%clk 00:54:24]} {[%emt 00:00:30]} 3. Nxe5
{[%clk 00:54:44]} {[%emt 00:00:22]} d6 {[%clk 00:54:23]} {[%emt 00:00:07]} 4.
Nf3 {[%clk 00:54:14]} {[%emt 00:00:34]} Nxe4 {[%clk 00:54:04]} {[%emt
00:00:24]} 5. Bc4 {[%clk 00:53:20]} {[%emt 00:01:00]} d5 {[%clk 00:52:29]}
{[%emt 00:01:39]} 6. Bb3 {[%clk 00:52:03]} {[%emt 00:01:22]} Be7 {[%clk
00:51:30]} {[%emt 00:01:04]} 7. d3 {[%clk 00:51:02]} {[%emt 00:01:06]} Nf6
{[%clk 00:51:07]} {[%emt 00:00:28]} 8. O-O {[%clk 00:49:29]} {[%emt 00:01:38]}
O-O {[%clk 00:50:37]} {[%emt 00:00:35]} 9. Bg5 {[%clk 00:48:19]} {[%emt
00:01:15]} Bg4 {[%clk 00:49:30]} {[%emt 00:01:13]} 10. Nbd2 {[%clk 00:47:34]}
{[%emt 00:00:49]} c5 {[%clk 00:48:51]} {[%emt 00:00:44]} 11. h3 {[%clk
00:45:52]} {[%emt 00:01:47]} Bh5 {[%clk 00:48:33]} {[%emt 00:00:21]} 12. c4
{[%clk 00:44:55]} {[%emt 00:01:03]} d4 {[%clk 00:47:31]} {[%emt 00:01:07]} 13.
Re1 {[%clk 00:43:57]} {[%emt 00:01:03]} Nc6 {[%clk 00:46:14]} {[%emt 00:01:19]}
14. Qe2 {[%clk 00:43:07]} {[%emt 00:00:58]} Re8 {[%clk 00:45:35]} {[%emt
00:00:45]} 15. Ba4 {[%clk 00:40:05]} {[%emt 00:03:08]} Qd7 {[%clk 00:43:08]}
{[%emt 00:02:33]} 16. Ne5 {[%clk 00:36:31]} {[%emt 00:03:39]} Bxe2 {[%clk
00:43:04]} {[%emt 00:00:08]} 17. Nxd7 {[%clk 00:36:29]} {[%emt 00:00:07]} Nxd7
{[%clk 00:43:05]} {[%emt 00:00:04]} 18. Rxe2 {[%clk 00:35:18]} {[%emt
00:01:15]} Bxg5 {[%clk 00:42:58]} {[%emt 00:00:13]} 19. Rxe8+ {[%clk 00:35:01]}
{[%emt 00:00:22]} Rxe8 {[%clk 00:42:58]} {[%emt 00:00:06]} 20. Nf3 {[%clk
00:34:28]} {[%emt 00:00:37]} Bf6 {[%clk 00:42:43]} {[%emt 00:00:21]} 21. g4
{[%clk 00:29:47]} {[%emt 00:04:45]} h6 {[%clk 00:42:29]} {[%emt 00:00:19]} 22.
h4 {[%clk 00:29:26]} {[%emt 00:00:26]} Nb6 {[%clk 00:42:21]} {[%emt 00:00:13]}
23. Bd1 {[%clk 00:28:33]} {[%emt 00:00:58]} Ne5 {[%clk 00:42:14]} {[%emt
00:00:13]} 24. Be2 {[%clk 00:27:25]} {[%emt 00:01:12]} Nxg4 {[%clk 00:41:52]}
{[%emt 00:00:27]} 25. Re1 {[%clk 00:25:15]} {[%emt 00:02:14]} h5 {[%clk
00:41:51]} {[%emt 00:00:08]} 26. a3 {[%clk 00:24:11]} {[%emt 00:01:10]} Na4
{[%clk 00:41:42]} {[%emt 00:00:13]} 27. b4 {[%clk 00:23:20]} {[%emt 00:00:55]}
Nc3 {[%clk 00:41:41]} {[%emt 00:00:07]} 28. Bf1 {[%clk 00:20:22]} {[%emt
00:03:03]} Rxe1 {[%clk 00:41:44]} {[%emt 00:00:02]} 29. Nxe1 {[%clk 00:20:17]}
{[%emt 00:00:10]} Bxh4 {[%clk 00:41:42]} {[%emt 00:00:07]} 30. Nf3 {[%clk
00:19:50]} {[%emt 00:00:31]} Bxf2+ {[%clk 00:41:35]} {[%emt 00:00:12]} 31. Kg2
{[%clk 00:19:45]} {[%emt 00:00:09]} Be3 {[%clk 00:41:30]} {[%emt 00:00:11]} 32.
Kh3 {[%clk 00:17:38]} {[%emt 00:02:12]} b6 {[%clk 00:40:17]} {[%emt 00:01:19]}
33. Kh4 {[%clk 00:17:08]} {[%emt 00:00:31]} g6 {[%clk 00:39:29]} {[%emt
00:00:56]} 0-1

[Event "DVM U10 2023"]
[Site "Magdeburg GER"]
[Date "2023.12.28"]
[Round "4"]
[White "Serwane, Ruben"]
[Black "Nida-Rümelin, Noel"]
[Result "1/2-1/2"]
[Termination "normal"]
[Board "1.3"]
[WhiteElo "1636"]
[BlackElo "796"]
[WhiteClock "00:11:24"]
[BlackClock "00:30:37"]
[WhiteTeam "TV Tegernsee"]
[BlackTeam "MSA Zugzwang 82"]
[PlyCount "82"]
[WhiteFideId "34660232"]
[EventCountry "GER"]
[EventRounds "7"]
[EventType "team-swiss"]
[EventDate "2023.12.27"]

1. e4 {[%clk 00:55:07]} {[%emt 00:00:02]} c5 {[%clk 00:55:09]} {[%emt
00:00:01]} 2. Nf3 {[%clk 00:55:04]} {[%emt 00:00:08]} d6 {[%clk 00:55:06]}
{[%emt 00:00:09]} 3. d4 {[%clk 00:55:00]} {[%emt 00:00:09]} cxd4 {[%clk
00:55:01]} {[%emt 00:00:10]} 4. Nxd4 {[%clk 00:54:58]} {[%emt 00:00:06]} Nf6
{[%clk 00:54:57]} {[%emt 00:00:09]} 5. Nc3 {[%clk 00:54:57]} {[%emt 00:00:06]}
g6 {[%clk 00:54:24]} {[%emt 00:00:39]} 6. f3 {[%clk 00:54:41]} {[%emt
00:00:20]} a6 {[%clk 00:54:03]} {[%emt 00:00:26]} 7. a4 {[%clk 00:54:09]}
{[%emt 00:00:37]} Bg7 {[%clk 00:53:39]} {[%emt 00:00:28]} 8. Be3 {[%clk
00:54:07]} {[%emt 00:00:08]} O-O {[%clk 00:53:18]} {[%emt 00:00:27]} 9. Qd2
{[%clk 00:53:34]} {[%emt 00:00:38]} Nc6 {[%clk 00:53:06]} {[%emt 00:00:17]} 10.
Be2 {[%clk 00:52:37]} {[%emt 00:01:02]} Re8 {[%clk 00:52:36]} {[%emt 00:00:35]}
11. O-O {[%clk 00:52:06]} {[%emt 00:00:35]} Bd7 {[%clk 00:52:07]} {[%emt
00:00:34]} 12. Kh1 {[%clk 00:51:24]} {[%emt 00:00:47]} Ne5 {[%clk 00:51:32]}
{[%emt 00:00:40]} 13. Nb3 {[%clk 00:48:23]} {[%emt 00:03:06]} Rc8 {[%clk
00:49:51]} {[%emt 00:01:47]} 14. a5 {[%clk 00:47:39]} {[%emt 00:00:49]} Nc4
{[%clk 00:47:32]} {[%emt 00:02:23]} 15. Bxc4 {[%clk 00:47:05]} {[%emt
00:00:39]} Rxc4 {[%clk 00:47:32]} {[%emt 00:00:06]} 16. Bb6 {[%clk 00:46:39]}
{[%emt 00:00:31]} Qb8 {[%clk 00:47:05]} {[%emt 00:00:31]} 17. Rad1 {[%clk
00:37:33]} {[%emt 00:09:11]} Rec8 {[%clk 00:45:30]} {[%emt 00:01:40]} 18. Bd4
{[%clk 00:29:53]} {[%emt 00:07:45]} Bb5 {[%clk 00:44:41]} {[%emt 00:00:52]} 19.
Nxb5 {[%clk 00:26:10]} {[%emt 00:03:50]} Rxc2 {[%clk 00:42:31]} {[%emt
00:02:15]} 20. Qd3 {[%clk 00:26:00]} {[%emt 00:00:15]} axb5 {[%clk 00:42:07]}
{[%emt 00:00:29]} 21. Bc3 {[%clk 00:25:04]} {[%emt 00:01:01]} R2xc3 {[%clk
00:40:35]} {[%emt 00:01:37]} 22. bxc3 {[%clk 00:24:56]} {[%emt 00:00:13]} Nd7
{[%clk 00:40:14]} {[%emt 00:00:26]} 23. Qxb5 {[%clk 00:24:31]} {[%emt
00:00:30]} Nf8 {[%clk 00:39:40]} {[%emt 00:00:39]} 24. c4 {[%clk 00:23:21]}
{[%emt 00:01:16]} Qc7 {[%clk 00:38:59]} {[%emt 00:00:45]} 25. Rc1 {[%clk
00:22:39]} {[%emt 00:00:46]} Ne6 {[%clk 00:38:25]} {[%emt 00:00:39]} 26. Rfd1
{[%clk 00:22:18]} {[%emt 00:00:27]} Be5 {[%clk 00:37:01]} {[%emt 00:01:28]} 27.
Qb6 {[%clk 00:20:44]} {[%emt 00:01:40]} Qxb6 {[%clk 00:36:25]} {[%emt
00:00:41]} 28. axb6 {[%clk 00:20:13]} {[%emt 00:00:37]} Rc6 {[%clk 00:36:15]}
{[%emt 00:00:15]} 29. Na5 {[%clk 00:18:21]} {[%emt 00:01:56]} Rxb6 {[%clk
00:35:28]} {[%emt 00:00:51]} 30. Rb1 {[%clk 00:18:16]} {[%emt 00:00:11]} Ra6
{[%clk 00:35:24]} {[%emt 00:00:09]} 31. Nxb7 {[%clk 00:17:46]} {[%emt
00:00:35]} Ra2 {[%clk 00:34:12]} {[%emt 00:01:16]} 32. Rb5 {[%clk 00:16:14]}
{[%emt 00:01:37]} Nf4 {[%clk 00:33:46]} {[%emt 00:00:31]} 33. c5 {[%clk
00:14:49]} {[%emt 00:01:31]} dxc5 {[%clk 00:33:22]} {[%emt 00:00:29]} 34. Rxc5
{[%clk 00:14:36]} {[%emt 00:00:17]} Nd3 {[%clk 00:32:44]} {[%emt 00:00:43]} 35.
Rc8+ {[%clk 00:14:02]} {[%emt 00:00:39]} Kg7 {[%clk 00:32:36]} {[%emt
00:00:12]} 36. Rcc1 {[%clk 00:11:53]} {[%emt 00:02:15]} Nf2+ {[%clk 00:32:23]}
{[%emt 00:00:18]} 37. Kg1 {[%clk 00:11:51]} {[%emt 00:00:07]} Nxd1 {[%clk
00:32:15]} {[%emt 00:00:13]} 38. Rxd1 {[%clk 00:11:50]} {[%emt 00:00:06]} Ra1
{[%clk 00:31:04]} {[%emt 00:01:16]} 39. Rxa1 {[%clk 00:11:46]} {[%emt
00:00:09]} Bxa1 {[%clk 00:31:07]} {[%emt 00:00:02]} 40. h3 {[%clk 00:11:30]}
{[%emt 00:00:21]} Bd4+ {[%clk 00:30:41]} {[%emt 00:00:30]} 41. Kf1 {[%clk
00:11:24]} {[%emt 00:00:12]} Bb6 {[%clk 00:30:37]} {[%emt 00:00:09]} 1/2-1/2

[Event "DVM U10 2023"]
[Site "Magdeburg GER"]
[Date "2023.12.28"]
[Round "4"]
[White "Chen, Kevin"]
[Black "Merle, Atreyu Lukas"]
[Result "0-1"]
[Termination "normal"]
[Board "1.4"]
[WhiteElo "942"]
[BlackElo "1075"]
[WhiteClock "00:23:30"]
[BlackClock "00:41:28"]
[WhiteTeam "MSA Zugzwang 82"]
[BlackTeam "TV Tegernsee"]
[PlyCount "58"]
[WhiteFideId "34688455"]
[BlackFideId "34670033"]
[EventCountry "GER"]
[EventRounds "7"]
[EventType "team-swiss"]
[EventDate "2023.12.27"]

1. e4 {[%clk 00:55:09]} e5 {[%clk 00:55:06]} {[%emt 00:00:04]} 2. Nf3 {[%clk
00:55:09]} {[%emt 00:00:05]} Nc6 {[%clk 00:55:06]} {[%emt 00:00:05]} 3. Bc4
{[%clk 00:55:08]} {[%emt 00:00:06]} Bc5 {[%clk 00:55:06]} {[%emt 00:00:06]} 4.
c3 {[%clk 00:55:06]} {[%emt 00:00:07]} Nf6 {[%clk 00:55:06]} {[%emt 00:00:04]}
5. d4 {[%clk 00:55:05]} {[%emt 00:00:07]} exd4 {[%clk 00:55:06]} {[%emt
00:00:05]} 6. cxd4 {[%clk 00:55:03]} {[%emt 00:00:07]} Bb4+ {[%clk 00:55:01]}
{[%emt 00:00:09]} 7. Bd2 {[%clk 00:54:51]} {[%emt 00:00:17]} Nxe4 {[%clk
00:54:58]} {[%emt 00:00:08]} 8. Qe2 {[%clk 00:54:45]} {[%emt 00:00:12]} d5
{[%clk 00:54:54]} {[%emt 00:00:09]} 9. Bb5 {[%clk 00:54:28]} {[%emt 00:00:22]}
O-O {[%clk 00:54:24]} {[%emt 00:00:35]} 10. O-O {[%clk 00:54:14]} {[%emt
00:00:19]} Re8 {[%clk 00:53:53]} {[%emt 00:00:36]} 11. Qd1 {[%clk 00:53:39]}
{[%emt 00:00:38]} a6 {[%clk 00:53:24]} {[%emt 00:00:36]} 12. Bxc6 {[%clk
00:53:20]} {[%emt 00:00:23]} bxc6 {[%clk 00:53:18]} {[%emt 00:00:11]} 13. Bxb4
{[%clk 00:52:26]} {[%emt 00:00:59]} Bg4 {[%clk 00:52:35]} {[%emt 00:00:48]} 14.
Nc3 {[%clk 00:51:10]} {[%emt 00:01:22]} Ng5 {[%clk 00:52:21]} {[%emt 00:00:19]}
15. Ne2 {[%clk 00:47:27]} {[%emt 00:03:48]} Nxf3+ {[%clk 00:51:40]} {[%emt
00:00:45]} 16. gxf3 {[%clk 00:46:37]} {[%emt 00:00:55]} Bh3 {[%clk 00:51:28]}
{[%emt 00:00:17]} 17. Re1 {[%clk 00:44:31]} {[%emt 00:02:12]} Rxe2 {[%clk
00:51:11]} {[%emt 00:00:22]} 18. Kh1 {[%clk 00:41:04]} {[%emt 00:03:32]} Rxf2
{[%clk 00:50:35]} {[%emt 00:00:40]} 19. Be7 {[%clk 00:39:57]} {[%emt 00:01:13]}
Qd7 {[%clk 00:49:40]} {[%emt 00:01:00]} 20. Bh4 {[%clk 00:38:17]} {[%emt
00:01:44]} Rxb2 {[%clk 00:49:09]} {[%emt 00:00:36]} 21. Rg1 {[%clk 00:36:09]}
{[%emt 00:02:14]} Qd6 {[%clk 00:48:29]} {[%emt 00:00:45]} 22. Bg3 {[%clk
00:35:37]} {[%emt 00:00:37]} Qf6 {[%clk 00:47:30]} {[%emt 00:01:04]} 23. Qd3
{[%clk 00:33:17]} {[%emt 00:02:24]} Rab8 {[%clk 00:46:52]} {[%emt 00:00:43]}
24. Rge1 {[%clk 00:29:28]} {[%emt 00:03:54]} Bg2+ {[%clk 00:43:03]} {[%emt
00:03:54]} 25. Kg1 {[%clk 00:29:17]} {[%emt 00:00:17]} Bxf3 {[%clk 00:42:27]}
{[%emt 00:00:41]} 26. Qc3 {[%clk 00:25:30]} {[%emt 00:03:52]} Rg2+ {[%clk
00:41:58]} {[%emt 00:00:33]} 27. Kf1 {[%clk 00:24:41]} {[%emt 00:00:55]} Be4+
{[%clk 00:41:48]} {[%emt 00:00:16]} 28. Bf4 {[%clk 00:23:31]} {[%emt 00:01:14]}
Qxf4+ {[%clk 00:41:38]} {[%emt 00:00:15]} 29. Qf3 {[%clk 00:23:30]} {[%emt
00:00:06]} Qxf3# {[%clk 00:41:28]} {[%emt 00:00:15]} 0-1